Loading...
| MB | 4 | 7 | 3 | 2 | 115 | 41 | 86.45 | 5 | 11 | 0.00 | 0.00 |
| RC | 2 | 3 | 0 | 0 | 60 | 53 | 100.60 | 3 | 5 | 0.00 | 0.00 |
| TR | 0 | 4 | 0 | 1 | 40 | 90 | 105.75 | 3 | 4 | 0.00 | 0.00 |
| RR | 0 | 4 | 0 | 1 | 40 | 77 | 111.75 | 3 | 4 | 0.00 | 0.00 |
| AW | 0 | 4 | 1 | 1 | 35 | 103 | 122.75 | 1 | 4 | 0.00 | 0.00 |
| BB | 0 | 4 | 1 | 1 | 35 | 91 | 122.00 | 2 | 4 | 0.00 | 0.00 |
| AG | 0 | 2 | 1 | 1 | 15 | 130 | 134.00 | 0 | 2 | 0.00 | 0.00 |
| MV | 0 | 1 | 0 | 0 | 10 | 118 | 118.00 | 0 | 1 | 0.00 | 0.00 |
| KD | 0 | 1 | 0 | 1 | 10 | 144 | 144.00 | 0 | 1 | 0.00 | 0.00 |
| DM | 0 | 1 | 0 | 0 | 10 | 116 | 116.00 | 0 | 1 | 0.00 | 0.00 |
| AR | 0 | 1 | 0 | 0 | 10 | 100 | 100.00 | 0 | 1 | 0.00 | 0.00 |